00918nam a22002417a 4500003000400000005001700004008004100021020001800062040002900080050002100109100002600130245008300156300005700239650003700296650003100333650003400364700002600398700002600424710002800450942001500478952016600493999001700659OSt20260610124050.0260610b |||||||| |||| 00| 0 eng d a9780807750568 cChuka University Library aLB 1631 .L5 2010 aBeach, Richard928229 aLiterary Tools in the ClassroombTeaching Through Critical Inquiry Grades 5-12 aVarious PagingbBibliographical References and Index aLanguage Arts (Secondary)911635 aLanguage Arts (Elementary) aInquiry-Based Learning928230 aGerald Compano928231 aBrian Edmiston928232 aMelissa Borgmann928233 2lcccBKn0 00102lcc40708LGLaCHKbCHKcGENd2026-06-10eDonation From the Books of Africal0oLB 1631 .L5 2010p33785/2026r2026-06-10 12:42:06v1770.94w2026-06-10yBK c23798d23798